000 00659nam a2200241 4500
999 _c4936
_d4936
001 3836
003 BD-DhUAP
005 20201124152617.0
008 201124s1997 nyua|||| b||| 00| 0 eng d
020 _a0393970760
040 _aBD-DhUAP
_bEng
_cBD-DhUAP
_dBD-DhUAP
082 _223
_a599.938 BOY
100 _aBoyd, Robert.
245 _aHow humans evolved /
_cRobert Boyd and Joan B. Silk.
250 _a1st ed.
260 _aNew York :
_bW.W. Norton,
_cc1997.
300 _axxiv, 674 pages :
_billustrations ;
_c26 cm.
500 _aIncludes index.
650 _aHuman evolution.
650 _aEvolution.
700 _aSilk, Joan B.
942 _2ddc
_cBK